| 000 | 00476nam a2200193Ia 4500 | ||
|---|---|---|---|
| 005 | 20240823030336.0 | ||
| 008 | 240823s9999||||xx |||||||||||||| ||und|| | ||
| 020 | _a978-0333-91154-9 | ||
| 041 | _aENGLISH | ||
| 082 | _A425 Q1 | ||
| 100 | _aDavid Green | ||
| 245 | 0 | _aContemporary English Grammar Structures and Composition | |
| 250 | _a1st | ||
| 260 |
_c2011 _b"Macmillan India Ltd," |
||
| 500 | _aYES | ||
| 650 |
_aEnglish _bEnglish |
||
| 942 | _cBK | ||
| 999 |
_c188467 _d188467 |
||